000 00711nam a2200253Ia 4500
003 OSt
005 20220927105327.0
006 a|||||r|||| 00| 0
007 ta
008 220926b |||||||| |||| 00| 0 eng d
020 _a9781598882094
024 _a186974
037 _cReference Collections
040 _aRTL
_cRTL
_beng
041 _2eng
_aeng
082 _a"X:54.77.N9, P7/UN"
110 _aWORLD TRADE ORGANIZATION.
245 0 _aTrade policy review
_b Panama.
260 _aGeneva
_bW.T.O.
_c2007
300 _a"xxi, 211p"
_ccm.
700 _aWORLD TRADE ORGANIZATION.
942 _h"X:54.77.N9, P7/UN"
_cCC
999 _c691869
_d691869